000
00332nam a2200121Ia 4500
008
201214s9999 xx 000 0 und d
100
_a
Alexander Hamilton Institute
245
0
_a
How to develop the right Management Information System.
260
_a
New York
260
_b
Alexander Hamilton Institute
300
_a
110
942
_c
BK
999
_c
5876
_d
5876